[Event "TOP 16 - Final A"]
[Site "TOP16-Final-A"]
[Date "2021.01.16"]
[Round "6"]
[White "Adrien Demuth"]
[Black "Christian Bauer"]
[Result "1/2-1/2"]
[WhiteElo "2384"]
[BlackElo "2452"]
[Annotator "TA"]
[PlyCount "88"]
[EventDate "2021.01.16"]
[EventType "blitz"]

{[%evp 9,88,-4,-6,-17,4,-3,-9,-13,-19,-13,-19,-20,-20,-119,0,6,9,0,0,-4,-8,0,0,-12,0,0,0,0,0,0,0,0,18,17,16,19,31,-21,53,-10,-5,-5,-5,-3,-3,-8,-7,-6,-9,-14,0,0,0,0,5,4,4,5,10,0,0,0,0,0,6,6,9,9,31,6,8,0,8,0,8,0,16,0,20,0,15]} 1. f4 d5 2. Nf3 Bf5 3. g3 e6 4. Bg2 Nf6 5. O-O h6 6. d3 {A03: Bird's Opening with 1...d5.} Be7 7. Ne5 {[#]} Nbd7 $146 ({Predecessor:} 7... c6 8. Nd2 O-O 9. e4 Bh7 10. Qe2 Na6 11. Kh1 Ne8 12. h4 Nd6 13. h5 Qe8 {1-0 (69) Reinderman,D (2575)-Himanshu,S (2420) Dieren 2018}) 8. Nc3 Bh7 9. e4 dxe4 10. Nxd7 $1 Qxd7 11. Nxe4 (11. dxe4 $11 {keeps the balance.} Bc5+ 12. Kh1) 11... O-O (11... Bxe4 $17 12. Bxe4 Qd4+ {[%mdl 64] Double Attack} 13. Kg2 Nxe4 14. dxe4 Qxe4+ 15. Qf3 Qxf3+ 16. Kxf3 O-O-O) 12. Qe2 $11 c5 13. Be3 Rac8 14. Nd2 Nd5 15. Bf2 Bf6 16. Rab1 Nb4 17. Ne4 Bd4 18. a3 Nd5 19. c3 Bxf2+ 20. Nxf2 c4 {next ...cxd3 is good for Black.} 21. Rbd1 cxd3 22. Nxd3 Qb5 23. Rf2 (23. Rfe1 $14) 23... Rfd8 (23... Rcd8 $1 $11) 24. Nb4 ({White should play} 24. Ne5 $14 Qb6 25. Rd4) 24... Qxe2 $1 25. Rxe2 {[%cal Rb4d5]} Nxb4 26. Rxd8+ Rxd8 27. axb4 {[%mdl 4096] Endgame KRB-KRB} Rd1+ 28. Kf2 Bd3 29. Re3 Ba6 30. b3 Rd2+ 31. Kg1 b6 32. c4 Kf8 33. b5 Bc8 34. Be4 (34. b4 {is more complex.} Ra2 35. c5 Ke7 36. Bf1 Kd8 37. Re2) 34... Ke7 35. Rd3 Rxd3 (35... Ra2 {keeps more tension.} 36. h4 a5 37. bxa6 Bxa6 38. Bc6 Bc8) 36. Bxd3 {KB-KB} Kd6 37. b4 $1 e5 38. Kf2 f5 39. Ke3 g5 {The position is equal.} 40. Be2 Be6 41. Bd3 Bd7 42. Be2 Be6 43. Bd3 Bd7 44. Be2 Be6 {Weighted Error Value: White=0.15/Black=0.11} 1/2-1/2

[Event "TOP 16 - Final A"]
[Site "TOP16-Final-A"]
[Date "2021.01.16"]
[Round "6"]
[White "ProfTerrieux"]
[Black "Yvesandre2"]
[Result "0-1"]
[WhiteElo "2362"]
[BlackElo "2244"]
[Annotator "TA"]
[PlyCount "86"]
[EventDate "2021.01.16"]
[EventType "blitz"]

{[%evp 16,86,10,14,34,16,31,29,34,50,98,31,46,38,75,0,0,0,0,0,0,-19,35,0,70,49,52,51,60,27,46,57,74,41,43,30,41,12,26,6,10,18,26,26,26,0,54,-33,-34,-290,-281,-359,-338,-795,-792,-863,-862,-959,-906,-1114,-893,-1516,-1460,-29974,-29975,-29971,-29972,-29976,-29976,-29983,-29978,-29996,-29982]} 1. d4 Nf6 2. c4 g6 3. Nc3 d5 4. cxd5 Nxd5 5. Bd2 Nb6 6. Nf3 Bg7 7. e4 O-O 8. Be3 Bg4 9. Be2 Nc6 {9...Bxf3 is vanishing. D90: Grünfeld: 4 Nf3 Bg7 sidelines.} 10. e5 Nd5 11. O-O Nxe3 {White has an edge.} 12. fxe3 Nb4 {[#]} 13. Ng5 (13. Qb3 $1 $16 {[%cal Rb3b4]} a5 14. Ng5) 13... Bxe2 $14 14. Qxe2 {Hoping for Nxf7!} Nd5 {[#]} 15. e4 $146 (15. Qf3 $16 e6 16. Nge4 (16. Nxf7 Qd7 $17)) ({Predecessor:} 15. Qf3 e6 16. Nge4 f6 17. exf6 Nxf6 18. Qh3 Qe7 19. Ng5 Rae8 20. d5 h6 21. Nxe6 {1-0 (31) Carow,J (2171)-Guenzler,R (1933) Frankfurt 2011}) 15... Nxc3 $11 16. bxc3 e6 17. Nf3 c5 18. Rab1 Qa5 ({Black should try} 18... Qc7 $11) 19. Rb5 Qxc3 (19... Qa6 $11) 20. Rxc5 $14 Qa3 21. Rfc1 Rad8 22. R1c3 Qa4 23. R3c4 Qa6 24. h4 Rd7 25. Qc2 Rfd8 26. Qb3 b6 27. Rc7 Rxc7 28. Rxc7 Qe2 {Black wants to play ...Bh6.} 29. Qc2 Qe3+ 30. Kf1 Bf8 ({Black should play} 30... h6 $11) 31. Rc3 (31. Qe2 $1 $14 Qa3 32. g3) 31... Qf4 $15 32. Rc7 $2 {[%mdl 8192] [#] This costs White the game.} (32. Qd3 $15) 32... Rxd4 $1 $19 33. Kg1 Rxe4 34. Rc8 (34. Rxf7 Bc5+ 35. Kf1) 34... Kg7 35. Rxf8 Kxf8 {[%mdl 4096] Endgame KQR-KQN} 36. Qc8+ Kg7 37. Qd8 Rc4 38. h5 gxh5 39. Qe7 Rc1+ {Black mates.} 40. Kf2 Rc2+ 41. Kg1 Rxa2 42. Kf1 b5 {[%cal Bb6b5,Bb5b4][%mdl 32]} 43. Qc7 b4 {Weighted Error Value: White=0.83/Black=0.19} 0-1

[Event "TOP 16 - Final A"]
[Site "TOP16-Final-A"]
[Date "2021.01.16"]
[Round "6"]
[White "jncool68"]
[Black "Pierre35"]
[Result "1-0"]
[WhiteElo "2249"]
[BlackElo "2083"]
[Annotator "NA RC"]
[PlyCount "101"]
[EventDate "2021.01.16"]
[EventType "blitz"]

1. e4 {[%emt 0:00:01]} e5 {[%emt 0:00:05]} 2. Nf3 {[%emt 0:00:01]} Nc6 {[%emt 0:00:02]} 3. Bb5 {[%emt 0:00:01]} a6 {[%emt 0:00:02]} 4. Ba4 {[%emt 0:00:01]} Nf6 {[%emt 0:00:02]} 5. O-O {[%emt 0:00:01]} Be7 {[%emt 0:00:02]} 6. Re1 {[%emt 0:00:01]} b5 {[%emt 0:00:02]} 7. Bb3 {[%emt 0:00:01]} d6 {[%emt 0:00:02]} 8. c3 {[%emt 0:00:01]} O-O {[%emt 0:00:04]} 9. h3 {[%emt 0:00:00]} Nb8 {[%emt 0:00:02]} 10. d4 {[%emt 0:00:01]} Nbd7 {[%emt 0:00:01]} 11. Nbd2 {[%emt 0:00:01]} Bb7 {[%emt 0:00:01]} 12. Bc2 {[%emt 0:00:01]} Re8 {[%emt 0:00:04]} 13. Nf1 {[%emt 0:00:01]} Bf8 {[%emt 0:00:01]} 14. Ng3 {[%emt 0:00:01]} g6 {[%emt 0:00:04]} 15. Bg5 {[%emt 0:00:00]} h6 {[%emt 0:00:05]} 16. Bd2 {[%emt 0:00:00]} Bg7 {[%emt 0:00:03]} 17. Qc1 {[%emt 0:00:01]} h5 {[%emt 0:00:19]} 18. Bg5 {[%emt 0:00:09]} Nf8 {[%emt 0:00:18]} 19. a4 {[%emt 0:00:13]} Ne6 {[%emt 0:00:33]} 20. Bh4 {[%emt 0:00:33]} Nf4 {[%emt 0:00:45]} 21. dxe5 {[%emt 0:00:33]} dxe5 {[%emt 0:00:01]} 22. Nxe5 {[%emt 0:00:01]} Nxg2 {[%emt 0:00:17]} 23. Nxf7 {[%emt 0:00:15]} Qe7 {[%emt 0:01:47]} 24. Kxg2 {[%emt 0:00:03]} Qxf7 {[%emt 0:00:01]} 25. f3 {[%emt 0:00:09]} Nd7 {[%emt 0:00:09]} 26. Qe3 {[%emt 0:00:32]} Ne5 {[%emt 0:00:09]} 27. Rad1 {[%emt 0:00:04]} Rf8 {[%emt 0:00:08]} 28. Rf1 {[%emt 0:00:08]} Nc4 {[%emt 0:00:04]} 29. Qc1 {[%emt 0:00:01]} Be5 {[%emt 0:00:33]} 30. Bg5 {[%emt 0:00:14] jncool68 reconnected.} Rae8 {[%emt 0:01:49] jncool68 reconnected.} 31. Bb3 {[%emt 0:00:06]} Ne3+ {[%emt 0:00:06]} 32. Qxe3 {[%emt 0:00:01]} Qxb3 {[%emt 0:00:00]} 33. Rd2 {[%emt 0:00:01]} bxa4 {[%emt 0:00:18]} 34. f4 {[%emt 0:00:20]} Bd6 {[%emt 0:00:08]} 35. Kh2 {[%emt 0:00:04]} Qb5 {[%emt 0:00:19]} 36. e5 {[%emt 0:00:01]} Bc5 {[%emt 0:00:05]} 37. Qd3 {[%emt 0:00:04]} Qxd3 {[%emt 0:00:02]} 38. Rxd3 {[%emt 0:00:00]} Bc6 {[%emt 0:00:02]} 39. Re1 {[%emt 0:00:07]} Rb8 {[%emt 0:00:04]} 40. Rd2 {[%emt 0:00:03]} Rfe8 {[%emt 0:00:07]} 41. Ne4 {[%emt 0:00:01]} Bxe4 {[%emt 0:00:06]} 42. Rxe4 {[%emt 0:00:00]} a3 {[%emt 0:00:05]} 43. bxa3 {[%emt 0:00:01]} Bxa3 {[%emt 0:00:01]} 44. Ra4 {[%emt 0:00:00]} Rb2 {[%emt 0:00:02]} 45. Rxb2 {[%emt 0:00:01]} Bxb2 {[%emt 0:00:00]} 46. Rxa6 {[%emt 0:00:01]} Bxc3 {[%emt 0:00:16]} 47. Rxg6+ {[%emt 0:00:02]} Kf7 {[%emt 0:00:01]} 48. Rh6 {[%emt 0:00:05]} Kg7 {[%emt 0:00:03]} 49. Rc6 {[%emt 0:00:04]} Ba5 {[%emt 0:00:02]} 50. f5 {[%emt 0:00:01]} Rxe5 {[%emt 0:00:02]} 51. Bf6+ {[%emt 0:00:01] Pierre35 resigns (Lag: Av=0.27s, max=0.8s)} 1-0

[Event "TOP 16 - Final A"]
[Site "TOP16-Final-A"]
[Date "2021.01.16"]
[Round "6"]
[White "SFeller"]
[Black "Harut-1998"]
[Result "1/2-1/2"]
[WhiteElo "2191"]
[BlackElo "2275"]
[Annotator "NA RC"]
[PlyCount "146"]
[EventDate "2021.01.16"]
[EventType "blitz"]
[BlackTeam "Nice Alekhine "]

{- Haroutyun , Barseghyan (2471)} 1. d4 {[%emt 0:00:06]} d5 {[%emt 0:00:01]} 2. c4 {[%emt 0:00:01]} dxc4 {[%emt 0:00:03]} 3. e3 {[%emt 0:00:01]} e5 {[%emt 0:00:03]} 4. Bxc4 {[%emt 0:00:02]} exd4 {[%emt 0:00:02]} 5. exd4 {[%emt 0:00:00]} Nf6 {[%emt 0:00:09]} 6. Nf3 {[%emt 0:00:02]} Bd6 {[%emt 0:00:03]} 7. Qe2+ {[%emt 0:00:02]} Be7 {[%emt 0:00:20]} 8. O-O {[%emt 0:00:05]} O-O {[%emt 0:00:02]} 9. Nc3 {[%emt 0:01:18]} Nc6 {[%emt 0:00:03]} 10. Rd1 {[%emt 0:00:34]} Bg4 {[%emt 0:00:07]} 11. h3 {[%emt 0:00:15]} Bh5 {[%emt 0:00:03]} 12. Be3 {[%emt 0:00:27]} Bd6 {[%emt 0:00:15]} 13. g4 {[%emt 0:00:50]} Bg6 {[%emt 0:00:02]} 14. Ne5 {[%emt 0:00:05]} Bb4 {[%emt 0:01:17]} 15. f4 {[%emt 0:01:10]} Bxc3 {[%emt 0:00:04]} 16. bxc3 {[%emt 0:00:00]} Be4 {[%emt 0:00:02]} 17. Bf2 {[%emt 0:00:17]} Bd5 {[%emt 0:00:07]} 18. Bd3 {[%emt 0:00:01]} Be6 {[%emt 0:00:11]} 19. c4 {[%emt 0:00:07]} Nxd4 {[%emt 0:00:31]} 20. Bxh7+ {[%emt 0:00:03]} Nxh7 {[%emt 0:00:03]} 21. Rxd4 {[%emt 0:00:04]} Qf6 {[%emt 0:00:17]} 22. f5 {[%emt 0:00:14]} Bc8 {[%emt 0:00:03]} 23. Nf3 {[%emt 0:00:08]} Bd7 {[%emt 0:00:35]} 24. Qe5 {[%emt 0:00:19]} Bc6 {[%emt 0:00:06]} 25. Qxf6 {[%emt 0:00:01]} gxf6 {[%emt 0:00:00]} 26. Rf4 {[%emt 0:00:14]} Ng5 {[%emt 0:00:10]} 27. Nxg5 {[%emt 0:00:01]} fxg5 {[%emt 0:00:00]} 28. Rd4 {[%emt 0:00:01]} Rfe8 {[%emt 0:00:11]} 29. Rad1 {[%emt 0:00:12]} Kg7 {[%emt 0:00:04]} 30. R1d2 {[%emt 0:00:06]} f6 {[%emt 0:00:31]} 31. h4 {[%emt 0:00:11]} gxh4 {[%emt 0:00:04]} 32. Bxh4 {[%emt 0:00:00]} Re3 {[%emt 0:00:11]} 33. R4d3 {[%emt 0:00:12]} Rae8 {[%emt 0:00:04]} 34. Rxe3 {[%emt 0:00:08]} Rxe3 {[%emt 0:00:03]} 35. Kh2 {[%emt 0:00:03]} Re4 {[%emt 0:00:05]} 36. Kg3 {[%emt 0:00:01]} Rxc4 {[%emt 0:00:02]} 37. Re2 {[%emt 0:00:01]} Be4 {[%emt 0:00:21]} 38. Rd2 {[%emt 0:00:04]} Bc6 {[%emt 0:00:06]} 39. Re2 {[%emt 0:00:01]} Re4 {[%emt 0:00:29]} 40. Rxe4 {[%emt 0:00:04]} Bxe4 {[%emt 0:00:00]} 41. Kf4 {[%emt 0:00:00]} Bd5 {[%emt 0:00:03]} 42. a3 {[%emt 0:00:01]} Kf7 {[%emt 0:00:03]} 43. Ke3 {[%emt 0:00:02]} c5 {[%emt 0:00:03]} 44. Kd3 {[%emt 0:00:06]} Ke7 {[%emt 0:00:08]} 45. g5 {[%emt 0:00:02]} fxg5 {[%emt 0:00:03]} 46. Bxg5+ {[%emt 0:00:00]} Kd6 {[%emt 0:00:03]} 47. Bf4+ {[%emt 0:00:01]} Kc6 {[%emt 0:00:01]} 48. Kc3 {[%emt 0:00:01]} b5 {[%emt 0:00:04]} 49. f6 {[%emt 0:00:02]} Bf7 {[%emt 0:00:01]} 50. Be3 {[%emt 0:00:01]} a5 {[%emt 0:00:03]} 51. Bf4 {[%emt 0:00:01]} Kd5 {[%emt 0:00:04]} 52. Kb2 {[%emt 0:00:05]} b4 {[%emt 0:00:06]} 53. axb4 {[%emt 0:00:01]} axb4 {[%emt 0:00:04]} 54. Bd2 {[%emt 0:00:10]} Ke5 {[%emt 0:00:05]} 55. Be3 {[%emt 0:00:07]} Kd5 {[%emt 0:00:04]} 56. Bd2 {[%emt 0:00:05]} Kd4 {[%emt 0:00:03]} 57. Be1 {[%emt 0:00:02]} Kd3 {[%emt 0:00:04]} 58. Kc1 {[%emt 0:00:03]} Kc4 {[%emt 0:00:03]} 59. Kb2 {[%emt 0:00:01]} Kb5 {[%emt 0:00:03]} 60. Bd2 {[%emt 0:00:03]} c4 {[%emt 0:00:03]} 61. Be1 {[%emt 0:00:02]} Kc5 {[%emt 0:00:09]} 62. Bd2 {[%emt 0:00:02]} Bg6 {[%emt 0:00:04]} 63. Be1 {[%emt 0:00:02]} Bf7 {[%emt 0:00:02]} 64. Bd2 {[%emt 0:00:01]} c3+ {[%emt 0:00:02]} 65. Bxc3 {[%emt 0:00:01]} bxc3+ {[%emt 0:00:00]} 66. Kxc3 {[%emt 0:00:00]} Kd5 {[%emt 0:00:01]} 67. Kd2 {[%emt 0:00:01]} Ke5 {[%emt 0:00:01]} 68. Ke2 {[%emt 0:00:01]} Kf5 {[%emt 0:00:01]} 69. Kf1 {[%emt 0:00:01]} Kg6 {[%emt 0:00:01]} 70. Kf2 {[%emt 0:00:01]} Kg5 {[%emt 0:00:01]} 71. Ke1 {[%emt 0:00:00]} Kf4 {[%emt 0:00:02]} 72. Kd2 {[%emt 0:00:00]} Ke5 {[%emt 0:00:01]} 73. Ke1 {[%emt 0:00:00]} Kxf6 {[%emt 0:00:01] No Material No Material} 1/2-1/2

[Event "TOP 16 - Final A"]
[Site "TOP16-Final-A"]
[Date "2021.01.16"]
[Round "6"]
[White "Bagheri amir"]
[Black "Pastouche06"]
[Result "1/2-1/2"]
[WhiteElo "2130"]
[BlackElo "2205"]
[Annotator "NA RC"]
[PlyCount "38"]
[EventDate "2021.01.16"]
[EventType "blitz"]
[WhiteTeam "monaco"]

{Bagheri, Amir} 1. d4 {[%emt 0:00:03]} Nf6 {[%emt 0:00:03]} 2. Nf3 {[%emt 0:00:02]} d5 {[%emt 0:00:01]} 3. Bf4 {[%emt 0:00:02]} e6 {[%emt 0:00:04]} 4. e3 {[%emt 0:00:06]} Bd6 {[%emt 0:00:01]} 5. Bxd6 {[%emt 0:00:05]} Qxd6 {[%emt 0:00:07]} 6. c4 {[%emt 0:00:01]} b6 {[%emt 0:00:30]} 7. cxd5 {[%emt 0:00:18]} exd5 {[%emt 0:00:00]} 8. Nc3 {[%emt 0:00:14]} O-O {[%emt 0:00:09]} 9. Be2 {[%emt 0:00:02]} a6 {[%emt 0:00:18]} 10. O-O {[%emt 0:00:03]} Nbd7 {[%emt 0:00:03]} 11. Qa4 {[%emt 0:00:39]} Bb7 {[%emt 0:00:07]} 12. b4 {[%emt 0:00:40]} b5 {[%emt 0:02:06]} 13. Qb3 {[%emt 0:00:03]} Nb6 {[%emt 0:00:00]} 14. a4 {[%emt 0:00:08]} c6 {[%emt 0:00:02]} 15. Rad1 {[%emt 0:01:05]} Bc8 {[%emt 0:00:51]} 16. Ne5 {[%emt 0:00:15]} Nc4 {[%emt 0:00:30]} 17. Nd3 {[%emt 0:00:17]} Bg4 {[%emt 0:00:18]} 18. Nc5 {[%emt 0:00:19]} Bxe2 {[%emt 0:00:14]} 19. Nxe2 {[%emt 0:00:02]} bxa4 {[%emt 0:00:35] Pastouche06 propose la nulle} 1/2-1/2

[Event "TOP 16 - Final A"]
[Site "TOP16-Final-A"]
[Date "2021.01.16"]
[Round "6"]
[White "Tander"]
[Black "Amiralfio"]
[Result "1-0"]
[WhiteElo "2004"]
[BlackElo "1862"]
[Annotator "TA"]
[PlyCount "93"]
[EventDate "2021.01.16"]
[EventType "blitz"]

{[%evp 10,93,50,54,53,52,61,47,56,47,62,58,100,100,101,106,103,103,106,104,100,103,94,97,102,96,102,90,132,139,139,119,129,109,120,107,179,146,159,151,134,138,344,337,294,284,468,500,500,441,708,704,947,939,884,829,1289,1237,1187,1159,1115,883,876,876,29981,29982,5797,870,863,862,857,843,810,787,2045,1184,29975,29976,29976,29977,29977,29978,29977,29977,29975,29975]} 1. e4 e5 2. Nf3 Nc6 3. Nc3 Nf6 4. d4 Bb4 5. Nxe5 Qe7 6. Qd3 Nxe5 {C47: Scotch Four Knights and Four Knights with 4 g3.} 7. dxe5 Qxe5 8. Bd2 d6 {White is slightly better.} 9. O-O-O {[#]} Be6 $146 ({Predecessor:} 9... O-O 10. f4 Qe7 11. Qg3 Nxe4 12. Nxe4 Qxe4 13. Bd3 Bxd2+ 14. Rxd2 Qe7 15. Re1 Qf6 16. Rde2 Be6 17. f5 Bxf5 18. Bxf5 Qxf5 {½-½ (56) Neber,A (2212)-Hajnal,Z (2355) Kaposvar 2001}) 10. f4 Qa5 11. a3 {aiming for f5.} Bxc3 12. Bxc3 Qa4 13. f5 Bd7 14. Bxf6 gxf6 15. Qc3 O-O-O 16. Bd3 Bc6 17. Qxf6 Bxe4 18. Qxf7 {Black must now prevent Qe6+.} Bxg2 19. Rhg1 Bc6 20. Rg7 {[%csl Gg7][%cal Rf7c7]} Bd7 21. Rxh7 Qf4+ 22. Kb1 {Threatens to win with Rf1.} Rhf8 (22... Qg4 $16 {is a better defense.} 23. Rf1 Qg8 24. Qxg8 Rdxg8) 23. Qe7 Rfe8 24. Qg7 Rg8 25. Qc3 $36 {[%mdl 2048] White is in control.} d5 $2 {A mistake that costs the game.} (25... Qe5 $16 26. Qxe5 dxe5) 26. Rf1 $18 Qd6 27. f6 Rh8 $2 (27... d4 {was necessary.} 28. Qe1 Rgf8) 28. Rxh8 Rxh8 29. f7 Rf8 (29... d4 $142 30. Qa5 Rf8 31. Qxa7 Be6 32. Qa8+ Kd7 33. Bb5+ c6 34. Qxb7+ Kd8 35. Bxc6 Rxf7 36. Qb6+ Ke7 37. Qa7+ Kd8 38. Qa8+ Kc7 39. Qb7+ Kd8 40. Qb6+ Ke7 41. Qa7+ Kd8 42. Qb6+) 30. Qg7 c5 31. h4 c4 32. Bg6 d4 33. h5 d3 34. cxd3 cxd3 35. Qc3+ Bc6 36. Qxd3 Qh2 37. Qf5+ Kc7 38. Qf4+ (38. Qa5+ $142 Kb8 39. Qc5 Rxf7 {[%mdl 64] Remove Defender} 40. Rxf7 Qh1+ 41. Kc2 Qg2+ 42. Rf2 Qxf2+ 43. Qxf2) 38... Qxf4 39. Rxf4 {[%mdl 4096] Endgame KRB-KRB} Kd6 40. h6 Ke5 41. Rf2 Ke6 42. h7 Ke7 43. Re2+ {White mates.} Kf6 {[#]} 44. Re8 $1 Bxe8 45. fxe8=Q Rxe8 46. Bxe8 Kg7 {[#]} 47. Bg6 $1 {Weighted Error Value: White=0.07/Black=0.67} 1-0

[Event "TOP 16 - Final A"]
[Site "TOP16-Final-A"]
[Date "2021.01.16"]
[Round "6"]
[White "Nikame"]
[Black "Burrito2001"]
[Result "0-1"]
[WhiteElo "1993"]
[BlackElo "2146"]
[Annotator "NA RC"]
[PlyCount "130"]
[EventDate "2021.01.16"]
[EventType "blitz"]

1. d4 {[%emt 0:00:04]} d5 {[%emt 0:00:01]} 2. Nf3 {[%emt 0:00:03]} Nf6 {[%emt 0:00:01]} 3. c4 {[%emt 0:00:01]} c6 {[%emt 0:00:01]} 4. e3 {[%emt 0:00:11]} e6 {[%emt 0:00:07]} 5. Nc3 {[%emt 0:00:13]} Nbd7 {[%emt 0:00:03]} 6. Qc2 {[%emt 0:00:06]} Bd6 {[%emt 0:00:12]} 7. Bd2 {[%emt 0:00:05]} Qe7 {[%emt 0:00:15]} 8. O-O-O {[%emt 0:00:07]} dxc4 {[%emt 0:00:40]} 9. Bxc4 {[%emt 0:00:03]} e5 {[%emt 0:00:00]} 10. dxe5 {[%emt 0:00:17]} Nxe5 {[%emt 0:00:03]} 11. Nxe5 {[%emt 0:00:01]} Bxe5 {[%emt 0:00:00]} 12. f4 {[%emt 0:00:07]} Bc7 {[%emt 0:01:17]} 13. e4 {[%emt 0:00:06]} Be6 {[%emt 0:00:01]} 14. Bxe6 {[%emt 0:00:11]} Qxe6 {[%emt 0:00:06]} 15. e5 {[%emt 0:00:01]} Nd7 {[%emt 0:00:02]} 16. f5 {[%emt 0:00:05]} Qe7 {[%emt 0:00:10]} 17. e6 {[%emt 0:00:01]} fxe6 {[%emt 0:00:01]} 18. fxe6 {[%emt 0:00:02]} Nc5 {[%emt 0:00:02]} 19. Qf5 {[%emt 0:00:19]} Rf8 {[%emt 0:01:06]} 20. Qxh7 {[%emt 0:00:03]} O-O-O {[%emt 0:00:02]} 21. Be3 {[%emt 0:00:22]} Nxe6 {[%emt 0:00:16]} 22. Qe4 {[%emt 0:00:20]} Qf7 {[%emt 0:00:30]} 23. Bxa7 {[%emt 0:00:11]} Rde8 {[%emt 0:00:24]} 24. Rhe1 {[%emt 0:00:38]} Nf4 {[%emt 0:00:17]} 25. Qc2 {[%emt 0:00:32]} Rxe1 {[%emt 0:00:29]} 26. Rxe1 {[%emt 0:00:02]} Rd8 {[%emt 0:00:01]} 27. Rd1 {[%emt 0:00:19]} Rxd1+ {[%emt 0:00:03]} 28. Nxd1 {[%emt 0:00:03]} Qxa2 {[%emt 0:00:04]} 29. Bd4 {[%emt 0:00:36]} Qa1+ {[%emt 0:00:16]} 30. Kd2 {[%emt 0:00:02]} Qa5+ {[%emt 0:00:03]} 31. Nc3 {[%emt 0:00:13]} Qg5 {[%emt 0:00:24]} 32. g3 {[%emt 0:00:14]} Nd5+ {[%emt 0:00:07]} 33. Ke2 {[%emt 0:00:10]} Qg4+ {[%emt 0:00:03]} 34. Kf1 {[%emt 0:00:16]} Qxd4 {[%emt 0:00:01]} 35. Qf5+ {[%emt 0:00:01]} Kb8 {[%emt 0:00:01]} 36. Qf8+ {[%emt 0:00:01]} Ka7 {[%emt 0:00:02]} 37. Qa3+ {[%emt 0:00:02]} Kb6 {[%emt 0:00:05]} 38. Na4+ {[%emt 0:00:07]} Kb5 {[%emt 0:00:03]} 39. Nc3+ {[%emt 0:00:21]} Nxc3 {[%emt 0:00:03]} 40. bxc3 {[%emt 0:00:01]} Qc4+ {[%emt 0:00:01]} 41. Kg2 {[%emt 0:00:01]} Qe2+ {[%emt 0:00:04]} 42. Kh3 {[%emt 0:00:02]} Qe6+ {[%emt 0:00:02]} 43. Kg2 {[%emt 0:00:02]} Qd5+ {[%emt 0:00:10]} 44. Kh3 {[%emt 0:00:05]} Bd6 {[%emt 0:00:05]} 45. Qa7 {[%emt 0:00:07]} Qe6+ {[%emt 0:00:17]} 46. Kg2 {[%emt 0:00:03]} Qe4+ {[%emt 0:00:02]} 47. Kh3 {[%emt 0:00:02]} Qh7+ {[%emt 0:00:01]} 48. Kg2 {[%emt 0:00:02]} b6 {[%emt 0:00:03]} 49. Qd7 {[%emt 0:00:14]} Kc5 {[%emt 0:00:06]} 50. Kf3 {[%emt 0:00:38]} Qd3+ {[%emt 0:00:02]} 51. Kg4 {[%emt 0:00:01]} Qxc3 {[%emt 0:00:01]} 52. Qf5+ {[%emt 0:00:06]} Qe5 {[%emt 0:00:01]} 53. Qc2+ {[%emt 0:00:01]} Kd5 {[%emt 0:00:13]} 54. Qb3+ {[%emt 0:00:04]} Kc5 {[%emt 0:00:08]} 55. Qc2+ {[%emt 0:00:01]} Kb5 {[%emt 0:00:01]} 56. Qd3+ {[%emt 0:00:02]} Ka5 {[%emt 0:00:01]} 57. Qc4 {[%emt 0:00:08]} Qd5 {[%emt 0:00:04]} 58. Qc3+ {[%emt 0:00:01]} Ka6 {[%emt 0:00:01]} 59. Qxg7 {[%emt 0:00:01]} b5 {[%emt 0:00:01]} 60. h4 {[%emt 0:00:05]} Qe4+ {[%emt 0:00:02]} 61. Kh3 {[%emt 0:00:03]} b4 {[%emt 0:00:03]} 62. h5 {[%emt 0:00:02]} Qf5+ {[%emt 0:00:02]} 63. g4 {[%emt 0:00:06]} Qf3+ {[%emt 0:00:02]} 64. Kh4 {[%emt 0:00:01]} Bg3+ {[%emt 0:00:02]} 65. Kg5 {[%emt 0:00:01]} Qf4+ {[%emt 0:00:01] Nikame resigns} 0-1

[Event "TOP 16 - Final A"]
[Site "TOP16-Final-A"]
[Date "2021.01.16"]
[Round "7"]
[White "Christian Bauer"]
[Black "SFeller"]
[Result "1/2-1/2"]
[WhiteElo "2449"]
[BlackElo "2197"]
[Annotator "TA"]
[PlyCount "85"]
[EventDate "2021.01.16"]
[EventType "blitz"]

{[%evp 9,85,1,14,19,26,23,16,34,54,46,64,49,151,14,15,0,21,12,8,15,24,-27,-27,-23,4,9,-3,5,0,-7,0,-2,0,0,47,27,111,119,113,119,107,38,216,198,191,91,99,44,191,195,209,173,162,163,345,338,331,313,302,50,230,231,333,71,70,70,70,69,319,9,9,9,9,9,9,0,0,0]} 1. Nf3 d5 2. c4 d4 3. a3 g6 4. e3 dxe3 5. fxe3 Bg7 6. d4 {[#] A09: Réti Opening: 1 Nf3 d5 2 c4.} Nd7 $146 ({Predecessor:} 6... Nh6 7. Bd3 Bf5 8. Nc3 O-O 9. O-O c5 10. d5 Nd7 11. Rb1 Bxd3 12. Qxd3 Ng4 {½-½ (21) Pajkovic,V (2425)-Lalic,B (2475) Cetinje 1990}) 7. Nc3 e5 8. d5 f5 9. e4 $1 f4 10. b4 g5 (10... Nh6 $14) 11. h4 (11. Nb5 $1 $16 a6 12. Nxg5 $1 {[%mdl 512]}) 11... g4 $11 12. Ng5 Nf8 {Strongly threatening ...h6.} 13. c5 h6 14. Bb5+ Bd7 {[#]} 15. c6 $1 bxc6 16. dxc6 Be6 (16... Bf5 {is more complex.} 17. exf5 Qxd1+ 18. Kxd1 hxg5 19. Be2 Ne7) 17. Qxd8+ Rxd8 18. Nxe6 Nxe6 19. Bb2 Nd4 {aiming for ...Nc2+.} 20. O-O-O Nf6 21. Bc4 Ke7 22. b5 f3 (22... h5 $1 $11 {keeps the balance.}) 23. gxf3 $16 Nxf3 24. a4 Rd4 {[#]} 25. Ba3+ (25. Be2 $1 $16) 25... Kd8 $2 (25... Ke8 $14 26. Be2 Bf8) 26. Bc5 $18 {[%mdl 64] Double Attack} Kc8 27. Be6+ (27. Bxd4 $18 {has better winning chances.} Nxd4 28. h5) 27... Kb8 $16 28. a5 (28. Bxd4 $16 Nxd4 29. Bc4) 28... Bf8 (28... Re8 $14 29. Bd7 Nxd7 30. cxd7 (30. Bxd4 exd4 31. cxd7 Rd8 $11) 30... Rd8) 29. Bxd4 $18 Nxd4 {[#]} 30. Rxd4 {[%mdl 512]} exd4 {[#]} 31. e5 $1 dxc3 $2 (31... Nh5) 32. exf6 {[%mdl 4096] Endgame KRB-KRB} Bc5 33. Bxg4 a6 34. bxa6 $2 ({Better is} 34. Re1 $18 {f7 is the strong threat.} axb5 35. Re5 Ba3+ 36. Kc2) 34... Ka7 $2 (34... Rg8 $1 $14 35. Be2 Rg2) 35. Kc2 Bd4 (35... Rg8 {is a better defense.}) 36. Rb1 $2 (36. f7 $18) 36... Bxf6 $16 37. Rb7+ $1 Kxa6 38. Rxc7 {And now Rf7 would win.} Rb8 $2 (38... Bxh4 $14 39. Rb7 (39. Kxc3 Kxa5 40. Rb7 Bg3 $11) 39... Bg3) 39. Be2+ $2 (39. Rf7 $18 Rb2+ 40. Kd3 Rd2+ 41. Ke3 Bd4+ 42. Ke4) 39... Kxa5 $11 {Hoping for ...Rb2+.The position is equal.} 40. Rb7 Rxb7 41. cxb7 Be5 42. b8=Q Bxb8 43. Kxc3 {Weighted Error Value: White=0.49/Black=0.55} 1/2-1/2